书目信息 |
| 题名: |
视觉障碍儿童的发展与教育
|
|
| 作者: | 邓猛 主编 | |
| 分册: | ||
| 出版信息: | 北京 北京大学出版社 2011 |
|
| 页数: | 245页 | |
| 开本: | 26cm | |
| 丛书名: | ||
| 单 册: | ||
| 中图分类: | G761.2 | |
| 科图分类: | ||
| 主题词: | 视觉障碍--儿童教育--特殊教育--高等学校--教材 , 视觉障碍 , 儿童教育 , 特殊教育 | |
| 电子资源: | ||
| ISBN: | 978-7-301-15951-4 | |
| 000 | 00993nam0 2200265 450 | |
| 001 | 1570855528 | |
| 005 | 20150202194157.01 | |
| 010 | @a978-7-301-15951-4@dCNY33.00 | |
| 100 | @a20110821d2011 em y0chiy50 ea | |
| 101 | 0 | @achi |
| 102 | @aCN@b110000 | |
| 105 | @ay z 000yy | |
| 200 | 1 | @a视觉障碍儿童的发展与教育@9shi jue zhang ai er tong de fa zhan yu jiao yu@f邓猛主编 |
| 210 | @a北京@c北京大学出版社@d2011 | |
| 215 | @a245页@d26cm | |
| 300 | @a21世纪特殊教育创新教材·发展与教育系列 | |
| 330 | @a本书内容包括:视觉障碍的概述、视觉系统与视觉障碍的成因、视觉障碍儿童的鉴定与评估、视觉障碍儿童的认知发展、视觉障碍儿童教育概述、视觉障碍儿童的早期干预、视觉障碍儿童的教学、低视力儿童的教育教学、视觉障碍教育与随班就读等。 | |
| 606 | 0 | @a视觉障碍@x儿童教育@x特殊教育@x高等学校@j教材 |
| 606 | 0 | @a视觉障碍 |
| 606 | 0 | @a儿童教育 |
| 606 | 0 | @a特殊教育 |
| 690 | @aG761.2@v5 | |
| 701 | 0 | @a邓猛@9deng meng@f(1969~)@4主编 |
| 801 | 0 | @aCN@bTSSF@c20150202 |
| 905 | @aZUCC@dG761.2@eJY5 | |
| 视觉障碍儿童的发展与教育/邓猛主编.-北京:北京大学出版社,2011 |
| 245页;26cm |
| 21世纪特殊教育创新教材·发展与教育系列 |
| ISBN 978-7-301-15951-4:CNY33.00 |
| 本书内容包括:视觉障碍的概述、视觉系统与视觉障碍的成因、视觉障碍儿童的鉴定与评估、视觉障碍儿童的认知发展、视觉障碍儿童教育概述、视觉障碍儿童的早期干预、视觉障碍儿童的教学、低视力儿童的教育教学、视觉障碍教育与随班就读等。 |
| ● |
| 相关链接 |
|
|
|
|
正题名:视觉障碍儿童的发展与教育
索取号:G761.2/JY5
 
预约/预借
| 序号 | 登录号 | 条形码 | 馆藏地/架位号 | 状态 | 备注 |
| 1 | 7865039 | 278650390 | 学院路分馆/ [索取号:G761.2/JY5] | 在馆 |